书目信息 |
| 题名: |
奶牛饲养技术手册
|
|
| 作者: | 徐照学 | |
| 分册: | ||
| 出版信息: | 北京 中国农业出版社 2000 |
|
| 页数: | 397 | |
| 开本: | 20cm | |
| 丛书名: | 农技员丛书 | |
| 单 册: | ||
| 中图分类: | S823.9 | |
| 科图分类: | ||
| 主题词: | 家畜 | |
| 电子资源: | ||
| ISBN: | 7-109-06500-6 | |
| 000 | 00562nam0 2200205 450 | |
| 001 | 0741144344 | |
| 005 | 20070817112544.34 | |
| 010 | @a7-109-06500-6@d¥16.40 | |
| 100 | @a20070817d km y0chiy0120 ea | |
| 101 | 0 | @achi |
| 200 | 1 | @a奶牛饲养技术手册@Anai niu si yang ji shu shou ce@f徐照学@Fxu zhao xue |
| 210 | @a北京@c中国农业出版社@d2000 | |
| 215 | @a397@d20cm | |
| 225 | 2 | @a农技员丛书 |
| 410 | 0 | @12001 @a农技员丛书 |
| 606 | 0 | @a家畜 |
| 690 | @aS823.9@v3 | |
| 701 | 0 | @a徐照学@Axu zhao xue |
| 801 | 0 | @aCN@bPFT@c20070817 |
| 905 | @a213230@dS823.9@en4@f1 | |
| 奶牛饲养技术手册/徐照学.-北京:中国农业出版社,2000 |
| 397;20cm.-(农技员丛书) |
| ISBN 7-109-06500-6:¥16.40 |
| ● |
| 相关链接 |
|
|
|
|
正题名:奶牛饲养技术手册
索取号:S823.9/n4
 
预约/预借
| 序号 | 登录号 | 条形码 | 馆藏地/架位号 | 状态 | 备注 |
| 1 | 6600687 | 266006877 | 密集书库-生命科学系/ [索取号:S823.9/n4] | 在馆 |